|
|
|
|
| LEADER |
01189nam a2200337 4500 |
| 001 |
36771 |
| 003 |
BD-DhAAL |
| 005 |
20191208161410.0 |
| 008 |
191208t1968 enk b 000 0 eng d |
| 999 |
|
|
|c 42018
|d 42018
|
| 010 |
|
|
|a 71386907
|
| 015 |
|
|
|a B69-06068
|
| 040 |
|
|
|a DLC
|c DLC
|d DLC
|d BD-DhAAL
|
| 041 |
1 |
|
|a engfre
|
| 050 |
0 |
0 |
|a HB97.5
|b .M2713 1968
|
| 082 |
0 |
0 |
|a 335.401
|
| 100 |
1 |
|
|a Mandel, Ernest.
|9 38108
|
| 245 |
1 |
0 |
|a Marxist economic theory /
|c Ernest Mandel ; translated by Brian Pearce.
|
| 250 |
|
|
|a Book club ed.
|
| 260 |
|
|
|a London,
|b Merlin,
|c c1968.
|
| 300 |
|
|
|a 797 pages ;
|c 23 cm.
|
| 350 |
|
|
|a 84/-
|
| 362 |
|
|
|a Vol. 2
|
| 500 |
|
|
|a Translation of Traité d'économie marxiste.
|
| 504 |
|
|
|a Includes bibliographical references (pages 735-771).
|
| 526 |
|
|
|a ESS
|
| 541 |
|
|
|a Complimentary copy from Professor Dr. Nasreen Khundker
|e 36771
|
| 650 |
|
0 |
|a Marxian economics.
|9 38109
|
| 852 |
|
|
|a Ayesha Abed Library
|c General Stacks
|
| 942 |
|
|
|2 ddc
|c BK
|
| 952 |
|
|
|0 0
|1 0
|2 ddc
|4 0
|6 335_401000000000000_MAN
|7 0
|9 67384
|a BRACUL
|b BRACUL
|c GEN
|d 2019-12-08
|e Complimentary copy from Professor Dr. Nasreen Khundker
|l 0
|o 335.401 MAN
|p 3010036771
|r 2019-12-08
|t 1
|w 2019-12-08
|y BK
|